Fundamentals of neural networks : (Record no. 180058)

MARC details
000 -LEADER
fixed length control field 00964pamaa22003011i 4500
001 - CONTROL NUMBER
control field 2049741
003 - CONTROL NUMBER IDENTIFIER
control field EG-GICUC
005 - DATE AND TIME OF LATEST TRANSACTION
control field 20260514125343.0
008 - FIXED-LENGTH DATA ELEMENTS--GENERAL INFORMATION
fixed length control field 930514s1994 njua jrb 000 0 eng
010 ## - LIBRARY OF CONGRESS CONTROL NUMBER
LC control number 93008629
020 ## - INTERNATIONAL STANDARD BOOK NUMBER
International Standard Book Number 0133341860
020 ## - INTERNATIONAL STANDARD BOOK NUMBER
International Standard Book Number 9780133341867
040 ## - CATALOGING SOURCE
Original cataloging agency DLC
Transcribing agency DLC
Modifying agency DLC
-- EG-GICUC
Language of cataloging eng
Description conventions rda
082 00 - DEWEY DECIMAL CLASSIFICATION NUMBER
Classification number 006.32
Edition number 21
Item number F2748
092 04 - LOCALLY ASSIGNED DEWEY CALL NUMBER (OCLC)
Edition number 21
Item number F2748
099 ## - LOCAL FREE-TEXT CALL NUMBER (OCLC)
Classification number 006.32 F2748
100 1# - MAIN ENTRY--PERSONAL NAME
Personal name Fausett, Laurene V.
Relator term Author.
245 10 - TITLE STATEMENT
Title Fundamentals of neural networks :
Remainder of title architectures, algorithms, and applications /
Statement of responsibility, etc. Laurene Fausett.
264 ## - PRODUCTION, PUBLICATION, DISTRIBUTION, MANUFACTURE, AND COPYRIGHT NOTICE
Place of production, publication, distribution, manufacture New York
Name of producer, publisher, distributor, manufacturer Anchor Books
Date of production, publication, distribution, manufacture, or copyright notice 1994
300 ## - PHYSICAL DESCRIPTION
Extent xvi, 461 pages :
Other physical details illustration ;
Dimensions 24 cm.
336 ## - CONTENT TYPE
Content type term text
Content type code txt
Source rdacontent
337 ## - MEDIA TYPE
Media type term unmediated
Media type code n
Source rdamedia
338 ## - CARRIER TYPE
Carrier type term volume
Carrier type code nc
Source rdacarrier
504 ## - BIBLIOGRAPHY, ETC. NOTE
Bibliography, etc. note Includes bibliographical references (p. 437-447) and index.
650 10 - SUBJECT ADDED ENTRY--TOPICAL TERM
Topical term or geographic name entry element Neural networks (Computer science)
905 ## - Cataloger and Reviser Names
Cataloger Name Hany
942 ## - ADDED ENTRY ELEMENTS (KOHA)
Source of classification or shelving scheme Dewey Decimal Classification
Koha item type Books
Edition 21
Suppress in OPAC No
Holdings
Withdrawn status Lost status Source of classification or shelving scheme Damaged status Not for loan Home library Current library Date acquired Inventory number Total checkouts Full call number Barcode Date last seen Price effective from Koha item type
    Dewey Decimal Classification   Not for loan مكتبة جامعة القاهرة الاهلية قاعة الهندسة 10.05.2026 24   006.32 F2748 02010002400000 10.05.2026 10.05.2026 Books
Cairo University Libraries Portal Implemented & Customized by: Eng. M. Mohamady Contacts: new-lib@cl.cu.edu.eg | cnul@cl.cu.edu.eg
CUCL logo CNUL logo
© All rights reserved — Cairo University Libraries
CUCL logo
Implemented & Customized by: Eng. M. Mohamady Contact: new-lib@cl.cu.edu.eg © All rights reserved — New Central Library
CNUL logo
Implemented & Customized by: Eng. M. Mohamady Contact: cnul@cl.cu.edu.eg © All rights reserved — Cairo National University Library